000 00497nam a2200181Ia 4500
005 20250508150208.0
008 008 250505s9999 xx 000 0 eng d
037 _aTextual
040 _aFEDL
_beng
_cFEDL
041 _aeng
_2eng
084 _a574, BIB
_qFEDL
100 _aBibby Cyril Co.
_9755977
245 0 _aSimple experiments in biology
260 _aLondon, UK
_bWilliam Heinemann Ltd
_c1946
300 _axii,164p
942 _cTEXL
_h574, BIB
999 _c1322317
_d1322317